000 00621nam a2200193Ia 4500
003 GCL
008 140319s9999 xx 000 0 ara d
040 _aGCL /
_cGCL
082 0 4 _a431.1
_bا م
100 1 _aاحمد ابوالوفا
245 1 0 _aالمعاهدات الدولية فى الشريعة الاسلامية /
_cاحمد ابوالوفا
260 _a[S.N] :
_bدار النهضة العربية ،
_c1990
300 _a312 ص
490 _a
650 0 4 _aالشريعة الاسلامية
650 0 4 _aالمعاهدات الدولية
650 0 4 _aالحقوق الدولية
942 _2ddc
_cBK
999 _c32095
_d32095